Studies in the history and culture of Ancient Indian buddhism (Record no. 1218721)

MARC details
000 -LEADER
fixed length control field 00618nam a2200205Ia 4500
008 - FIXED-LENGTH DATA ELEMENTS--GENERAL INFORMATION
fixed length control field 241004s9999 xx 000 0 und d
020 ## - INTERNATIONAL STANDARD BOOK NUMBER
International Standard Book Number 9789351711988
037 ## - SOURCE OF ACQUISITION
Stock number Textbook
040 ## - CATALOGING SOURCE
Original cataloging agency ARTS
Language of cataloging eng
Transcribing agency ARTS
041 ## - LANGUAGE CODE
Language code of text/sound track or separate title eng
Source of code eng
084 ## - COLON CLASSIFICATION NUMBER
Classification number Q4v2.C R2
Assigning agency ARTS
100 ## - MAIN ENTRY--PERSONAL NAME
Personal name Prasad Birendra Nath Ed.
9 (RLIN) 724589
245 ## - TITLE STATEMENT
Title Studies in the history and culture of Ancient Indian buddhism
Statement of responsibility, etc. Prasad Birendra Nath Ed.
260 ## - PUBLICATION, DISTRIBUTION, ETC.
Place of publication, distribution, etc. India
Name of publisher, distributor, etc. New Delhi Research Press
Date of publication, distribution, etc. 2022
300 ## - PHYSICAL DESCRIPTION
Extent ix,216p.
365 ## - TRADE PRICE
Price type code INR
Price amount 1750
650 ## - SUBJECT ADDED ENTRY--TOPICAL TERM
Topical term or geographic name entry element Buddhism
942 ## - ADDED ENTRY ELEMENTS (KOHA)
Koha item type Textbook
Classification part Q4v2.C R2
Holdings
Withdrawn status Lost status Source of classification or shelving scheme Damaged status Not for loan Home library Current library Date acquired Source of acquisition Cost, normal purchase price Inventory number Total Checkouts Full call number Barcode Date last seen Price effective from Koha item type
    Colon Classification (CC)     Arts Library Arts Library 2024-12-06 Eastern Book Linkers 1750.00 135 & 10/01/2023   Q4v2.C R2 AL1666779 2024-10-04 2024-10-04 Textbook
Copyright @ Delhi University Library System